000 00681nam a2200253Ia 4500
001 30356
005 20240114001443.0
007 ta
008 060719s1995 g b000 u 346 u
040 _aCotton College,Assam
041 _a346
082 _a891.444
_bCh 457 Ra
100 _aChattopadhya, Parthasarathi .
245 0 _aRabindra-Vebekananda Samparka /
_cParthasarathi Chattopadhya.
_hTextual Documents
250 _a1st ed. /
260 _aCalcutta :
_bNath Brothers ,
_c1995.
300 _a135p. ;
_c22cm.
653 _aBengali Essays
653 _aG-Bengali
942 _2ddc
_cBK
999 _c30338
_d30338